États des États-Unis sans voyelles - Statistiques

Statistiques générales
  • Ce quiz a été pris 317 fois
  • Le résultat moyen est 19 sur 20
Statistiques - réponses
Indices Réponses % Correct
CLFRN Californie
100%
NV-MXQ Nouveau-Mexique
100%
CRLN D NRD Caroline du Nord
99%
TXS Texas
99%
VRGN Virginie
99%
WSHNGTN Washington
99%
DKT D SD Dakota du Sud
98%
FLRD Floride
98%
KNTCK Kentucky
98%
MSSCHSTTS Massachusetts
98%
MSSSSPP Mississippi
98%
PNNSLVN Pennsylvanie
98%
CNNCTCT Connecticut
96%
NBRSK Nebraska
96%
LSK Alaska
93%
KLHM Oklahoma
92%
RHD SLND Rhode Island
91%
KNSS Kansas
89%
MNTN Montana
89%
CLRD Colorado
87%
Aucun quiz correspondant
Distribution des résultats
% des personnes avec chaque résultat
Percentile par nombre de réponses
Votre historique - résultats
Vous n’avez pas pris ce quiz